[Event "C'Chartres Blitz op April"]
[Site "Europe Echecs INT"]
[Date "2021.04.10"]
[Round "10"]
[White "David, Sebastien"]
[Black "Dauletova, Gulmira"]
[Result "1-0"]
[WhiteElo "1883"]
[BlackElo "2285"]
[PlyCount "79"]
[EventDate "2021.04.10"]
[EventType "swiss (blitz)"]
[EventRounds "11"]
[EventCountry "FRA"]
[SourceTitle "CBM 201 Extra"]
[Source "ChessBase"]
[SourceDate "2021.05.31"]
[SourceVersion "1"]
[SourceVersionDate "2021.05.31"]
[SourceQuality "1"]

1. Nf3 d5 2. g3 c6 3. Bg2 Bg4 4. d4 Nd7 5. c3 Ngf6 6. Nbd2 e6 7. 0-0 Bd6 8. h3 Bh5 9. Re1 0-0 10. e4 dxe4 11. Nxe4 Nxe4 12. Rxe4 c5 13. dxc5 Nxc5 14. Rd4 e5 15. Rxd6 Qe7 16. Qd5 Rad8 17. Rxd8 Rxd8 18. Bg5 Rxd5 19. Bxe7 Nd3 20. Rd1 e4 21. g4 exf3 22. Bxf3 Rd7 23. gxh5 f6 24. Be2 Rxe7 25. Bxd3 g5 26. hxg6 hxg6 27. Bc4+ Kg7 28. Kf1 a6 29. Re1 Rc7 30. Bb3 f5 31. Re6 Kh6 32. Bc2 Kg5 33. Kg2 Rd7 34. h4+ Kf4 35. Rxg6 Rd2 36. Bb3 Rxb2 37. h5 Rd2 38. h6 Rd8 39. Bg8 b5 40. h7 1-0

[Event "C'Chartres Blitz op April"]
[Site "Europe Echecs INT"]
[Date "2021.04.10"]
[Round "2"]
[White "Harshavardhan, GB."]
[Black "David, Sebastien"]
[Result "1/2-1/2"]
[WhiteElo "2397"]
[BlackElo "1883"]
[PlyCount "198"]
[EventDate "2021.04.10"]
[EventType "swiss (blitz)"]
[EventRounds "11"]
[EventCountry "FRA"]
[SourceTitle "CBM 201 Extra"]
[Source "ChessBase"]
[SourceDate "2021.05.31"]
[SourceVersion "1"]
[SourceVersionDate "2021.05.31"]
[SourceQuality "1"]

1. d4 d5 2. c4 e6 3. Nc3 Nf6 4. Nf3 Nbd7 5. Bg5 Be7 6. e3 0-0 7. Qc2 c6 8. Rd1 h6 9. Bh4 Ne8 10. Bg3 Bd6 11. Bd3 Ndf6 12. Ne5 a6 13. 0-0 Qe7 14. f4 Nh5 15. Bf2 f5 16. Ng6 Qf6 17. Nxf8 Qxf8 18. Qe2 Nef6 19. Bh4 Qf7 20. h3 Ne4 21. Nxe4 fxe4 22. Bb1 Bd7 23. g4 Nf6 24. Bg3 Be7 25. Kg2 Rf8 26. Rf2 Qg6 27. Rdf1 a5 28. Kh2 a4 29. Bc2 b5 30. b3 axb3 31. axb3 bxc4 32. bxc4 Rb8 33. Rb1 Rxb1 34. Bxb1 Bd8 35. Qa2 Be7 36. Qa7 dxc4 37. Ba2 c3 38. f5 Qf7 39. Qxd7 Nxd7 40. Bxe6 Qxe6 41. fxe6 Nf6 42. Rc2 Nd5 43. Bf2 c5 44. dxc5 Bxc5 45. Kg1 Kf8 46. Rc1 Ke7 47. Kf1 Kxe6 48. Ke2 Bb6 49. Rc2 Bc5 50. Be1 Bb4 51. Ra2 Kd6 52. Bf2 Kc5 53. Kd1 Kc4 54. Kc2 Bc5 55. Ra5 Nb4+ 56. Kd1 c2+ 57. Kd2 c1Q+ 58. Kxc1 Nd3+ 59. Kd1 Nxf2+ 60. Ke2 Nxh3 61. Ra6 Ng5 62. Rg6 Bf8 63. Rc6+ Kd5 64. Rc8 Be7 65. Rg8 Bf6 66. Re8 Ne6 67. Ra8 Ng5 68. Ra5+ Ke6 69. Ra4 Be5 70. Kf2 Bd6 71. Ra6 Nf7 72. Kg2 Ne5 73. Ra4 Nxg4 74. Rxe4+ Kf5 75. Re8 g5 76. Kf3 Ne5+ 77. Kg2 h5 78. Rh8 h4 79. Rd8 Bc5 80. Kf2 Ng4+ 81. Kf3 Nxe3 82. Rc8 Bd4 83. Rd8 g4+ 84. Ke2 Ke4 85. Rh8 h3 86. Rh7 Be5 87. Rh5 Kf4 88. Kf2 g3+ 89. Kg1 Ng4 90. Rxh3 Bd4+ 91. Kg2 Ne3+ 92. Kh1 Kf3 93. Rxg3+ Kxg3 94. Kg1 Be5 95. Kh1 Ng4 96. Kg1 Bd4+ 97. Kh1 Nf2+ 98. Kg1 Nh3+ 99. Kh1 Nf4 1/2-1/2

[Event "C'Chartres Blitz op"]
[Site "Europe Echecs INT"]
[Date "2020.11.28"]
[Round "11"]
[White "Bruned, Boris"]
[Black "David, Sebastien"]
[Result "1/2-1/2"]
[WhiteElo "2133"]
[BlackElo "1883"]
[PlyCount "144"]
[EventDate "2020.11.28"]
[EventType "swiss (blitz)"]
[EventRounds "11"]
[EventCountry "FRA"]
[SourceTitle "CBM 199 Extra"]
[Source "ChessBase"]
[SourceDate "2021.01.31"]
[SourceVersion "1"]
[SourceVersionDate "2021.01.31"]
[SourceQuality "1"]

1. d4 d5 2. Bf4 Nf6 3. e3 e6 4. Nf3 c5 5. c4 cxd4 6. Nxd4 Bb4+ 7. Nd2 0-0 8. a3 Bxd2+ 9. Qxd2 Ne4 10. Qc2 Nc6 11. Nxc6 bxc6 12. Bd3 f5 13. Be5 Ba6 14. 0-0 Qe8 15. cxd5 Bxd3 16. Qxd3 cxd5 17. b4 Rc8 18. Rac1 Qd7 19. Qa6 Nd2 20. Rfd1 Nc4 21. Bd4 e5 22. Bc5 Rc6 23. Qxc4 Rd8 24. Qd3 h6 25. h3 g5 26. b5 Rf6 27. a4 f4 28. exf4 gxf4 29. Qf3 Rg6 30. Kh2 Qf7 31. b6 axb6 32. Bxb6 Rxb6 33. Qg4+ Rg6 34. Qf3 e4 35. Qb3 f3 36. g3 Kh7 37. Rd4 Rg5 38. Qb6 Rg6 39. Qc5 e3 40. fxe3 f2 41. Rf4 Qg7 42. Rf3 Rg8 43. Qc7 Qxc7 44. Rxc7+ Kh8 45. g4 h5 46. Rxf2 hxg4 47. Rf5 g3+ 48. Kg2 R8g7 49. Rxg7 Kxg7 50. Rxd5 Ra6 51. a5 Kf6 52. Kxg3 Ke6 53. e4 Kf6 54. Kf4 Ke6 55. h4 Kf6 56. h5 Kg7 57. Kg5 Kh7 58. e5 Re6 59. Kf5 Rh6 60. e6 Rxh5+ 61. Ke4 Rh4+ 62. Kf5 Kg7 63. Rd7+ Kf8 64. Rf7+ Ke8 65. a6 Rh5+ 66. Kf6 Rh6+ 67. Ke5 Rh5+ 68. Kd6 Ra5 69. a7 Ra6+ 70. Kc7 Rxa7+ 71. Kd6 Rxf7 72. exf7+ Kxf7 1/2-1/2

[Event "C'Chartres Blitz op"]
[Site "Europe Echecs INT"]
[Date "2020.11.28"]
[Round "4"]
[White "David, Sebastien"]
[Black "Devallee, Jeremie"]
[Result "1-0"]
[WhiteElo "1883"]
[BlackElo "2220"]
[PlyCount "57"]
[EventDate "2020.11.28"]
[EventType "swiss (blitz)"]
[EventRounds "11"]
[EventCountry "FRA"]
[SourceTitle "CBM 199 Extra"]
[Source "ChessBase"]
[SourceDate "2021.01.31"]
[SourceVersion "1"]
[SourceVersionDate "2021.01.31"]
[SourceQuality "1"]

1. Nf3 g6 2. c4 Bg7 3. Nc3 e5 4. d3 d6 5. h4 Nc6 6. e4 h6 7. Be2 Be6 8. Nd5 Qd7 9. Rb1 a5 10. Be3 Nf6 11. Qd2 Ng4 12. h5 g5 13. b3 Nxe3 14. Qxe3 Nd4 15. Nxd4 exd4 16. Qf3 f5 17. exf5 Bxf5 18. g4 Be6 19. Nf6+ Bxf6 20. Qxf6 Qf7 21. Qxh8+ Kd7 22. Qxa8 Qf4 23. Qxb7 Bxg4 24. Qb5+ Kd8 25. Bxg4 Qxg4 26. Qd5 Kd7 27. c5 Qf4 28. c6+ Kc8 29. Qg8+ 1-0

[Event "C'Chartres Blitz op"]
[Site "Europe Echecs INT"]
[Date "2020.11.28"]
[Round "1"]
[White "Gandrille, Lubin"]
[Black "David, Sebastien"]
[Result "0-1"]
[WhiteElo "1012"]
[BlackElo "1883"]
[PlyCount "56"]
[EventDate "2020.11.28"]
[EventType "swiss (blitz)"]
[EventRounds "11"]
[EventCountry "FRA"]
[SourceTitle "CBM 199 Extra"]
[Source "ChessBase"]
[SourceDate "2021.01.31"]
[SourceVersion "1"]
[SourceVersionDate "2021.01.31"]
[SourceQuality "1"]

1. e4 e6 2. Nf3 d5 3. Nc3 dxe4 4. Nxe4 Nd7 5. Nc3 Ngf6 6. d3 Bb4 7. Bd2 0-0 8. Ne4 Nxe4 9. dxe4 Bc5 10. Bc4 Nb6 11. Bb3 a5 12. c3 a4 13. Bc2 Nc4 14. e5 Nxb2 15. Qc1 Nd3+ 16. Bxd3 Qxd3 17. Qd1 b6 18. Be3 Qxc3+ 19. Bd2 Qd3 20. Be3 Bb4+ 21. Nd2 Ba6 22. Rb1 Bc3 23. Rc1 Rfd8 24. Rc2 Rd7 25. a3 Rad8 26. Bg5 h6 27. Bxd8 Qe4+ 28. Qe2 Qxe2# 0-1

[Event "Europe Echecs Blitz Nov op"]
[Site "Europe Echecs INT"]
[Date "2020.11.08"]
[Round "8"]
[White "David, Sebastien"]
[Black "Hucault, Christophe"]
[Result "1-0"]
[WhiteElo "1883"]
[BlackElo "1612"]
[PlyCount "65"]
[EventDate "2020.11.08"]
[EventType "swiss (blitz)"]
[EventRounds "11"]
[EventCountry "FRA"]
[SourceTitle "CBM 199 Extra"]
[Source "ChessBase"]
[SourceDate "2021.01.31"]
[SourceVersion "1"]
[SourceVersionDate "2021.01.31"]
[SourceQuality "1"]

1. Nf3 Nf6 2. g3 g6 3. Bg2 Bg7 4. 0-0 0-0 5. Re1 d6 6. e4 e5 7. c3 Be6 8. d4 Qd7 9. Bg5 Bh3 10. Nbd2 Bxg2 11. Kxg2 h6 12. Bxf6 Bxf6 13. Nc4 Nc6 14. dxe5 Bg7 15. exd6 cxd6 16. Qxd6 Qxd6 17. Nxd6 Rab8 18. Rad1 Na5 19. e5 Rfd8 20. h4 Bf8 21. b3 b6 22. c4 Nb7 23. Nxb7 Rxd1 24. Rxd1 Rxb7 25. Rd8 Kg7 26. Nd2 Be7 27. Rd5 Bb4 28. Ne4 a5 29. a4 Ba3 30. Nf6 Bb2 31. f4 g5 32. Rd8 Kg6 33. g4 1-0

[Event "Europe Echecs Blitz Nov op"]
[Site "Europe Echecs INT"]
[Date "2020.11.08"]
[Round "6"]
[White "Mathiot, Jean Marc"]
[Black "David, Sebastien"]
[Result "0-1"]
[WhiteElo "1565"]
[BlackElo "1883"]
[PlyCount "42"]
[EventDate "2020.11.08"]
[EventType "swiss (blitz)"]
[EventRounds "11"]
[EventCountry "FRA"]
[SourceTitle "CBM 199 Extra"]
[Source "ChessBase"]
[SourceDate "2021.01.31"]
[SourceVersion "1"]
[SourceVersionDate "2021.01.31"]
[SourceQuality "1"]

1. e4 e6 2. d4 d5 3. exd5 exd5 4. Nf3 Nf6 5. Be2 Bd6 6. c3 0-0 7. Nbd2 Bg4 8. Nf1 Nbd7 9. Ne3 Bh5 10. 0-0 Ne4 11. Nd2 Bxe2 12. Qxe2 Ndf6 13. Nf5 Re8 14. Nxd6 Qxd6 15. Nxe4 Rxe4 16. Qd1 Rae8 17. Be3 h5 18. Qb3 Ng4 19. g3 b6 20. Bf4 Rxf4 21. gxf4 Qxf4 0-1

[Event "Europe Echecs Blitz Nov op"]
[Site "Europe Echecs INT"]
[Date "2020.11.08"]
[Round "4"]
[White "Phialy, Sylvain"]
[Black "David, Sebastien"]
[Result "0-1"]
[WhiteElo "1631"]
[BlackElo "1883"]
[PlyCount "82"]
[EventDate "2020.11.08"]
[EventType "swiss (blitz)"]
[EventRounds "11"]
[EventCountry "FRA"]
[SourceTitle "CBM 199 Extra"]
[Source "ChessBase"]
[SourceDate "2021.01.31"]
[SourceVersion "1"]
[SourceVersionDate "2021.01.31"]
[SourceQuality "1"]

1. Nf3 d5 2. b3 Nf6 3. Bb2 Bf5 4. d3 Nbd7 5. Nbd2 e6 6. Nh4 Bg6 7. Nxg6 hxg6 8. e4 Bd6 9. h3 c6 10. Be2 e5 11. Bf3 Qe7 12. Qe2 a5 13. exd5 cxd5 14. c4 Bb4 15. 0-0 Bxd2 16. Qxd2 0-0 17. cxd5 Rfd8 18. Rfe1 Qd6 19. Qg5 Nxd5 20. Bxe5 Nxe5 21. Rxe5 Nb4 22. Rb5 Qxd3 23. Rd1 Qxd1+ 24. Bxd1 Rxd1+ 25. Kh2 Re8 26. Rxb7 Rd5 27. Qf4 Rf8 28. Qe4 Rf5 29. f3 Rd8 30. a3 Nd3 31. Qa4 Ne1 32. Qxa5 Rxa5 33. a4 Rd2 34. Rb8+ Kh7 35. b4 Rxg2+ 36. Kh1 Rxa4 37. b5 Re2 38. Kg1 Ra1 39. Kf1 Rb2 40. Re8 Nd3+ 41. Re1 Rxe1# 0-1

[Event "FRA-ch op-C"]
[Site "Caen"]
[Date "2011.08.27"]
[Round "11"]
[White "David, Sebastien"]
[Black "Martineau, Arthur"]
[Result "1/2-1/2"]
[WhiteElo "1763"]
[BlackElo "1713"]
[PlyCount "170"]
[EventDate "2011.08.16"]
[EventType "swiss"]
[EventRounds "11"]
[EventCountry "FRA"]
[SourceTitle "EXT 2012"]
[Source "ChessBase"]
[SourceDate "2011.11.24"]
[SourceVersion "1"]
[SourceVersionDate "2011.11.24"]
[SourceQuality "1"]

1. d4 Nf6 2. c4 g6 3. Nf3 d5 4. cxd5 Nxd5 5. g3 Bg7 6. Bg2 Nb6 7. 0-0 Nc6 8. e3 e5 9. dxe5 Qxd1 10. Rxd1 Nxe5 11. Nxe5 Bxe5 12. Na3 c6 13. Rb1 0-0 14. b3 Bg4 15. f3 Be6 16. e4 Rad8 17. Bh6 Bg7 18. Bxg7 Kxg7 19. Kf2 f5 20. f4 fxe4 21. Bxe4 Bg4 22. Rxd8 Rxd8 23. Rb2 Rd4 24. Bf3 Bxf3 25. Kxf3 Kf6 26. Re2 a6 27. Nc2 Rd3+ 28. Ke4 Rd7 29. Ne3 Nd5 30. Ng4+ Kg7 31. Kf3 Nc3 32. Rc2 Nb5 33. Ke3 Nd4 34. Rb2 Nf5+ 35. Kf2 Rd5 36. Ne5 g5 37. Kf3 gxf4 38. gxf4 Nd4+ 39. Ke4 Kf6 40. Ng4+ Ke6 41. Ne3 Rd7 42. f5+ Kf6 43. Ng4+ Ke7 44. Ne5 Rd5 45. Rg2 Kf6 46. Ng4+ Kf7 47. Ne3 Rd7 48. h4 Nb5 49. Ke5 Re7+ 50. Kf4 Nd6 51. Ng4 Re1 52. Rd2 Rf1+ 53. Ke5 Nxf5 54. Rd7+ Ne7 55. Rxb7 Ra1 56. a4 Re1+ 57. Kd6 Rd1+ 58. Kc5 Ke6 59. Kb6 Rd4 60. Nh6 Nd5+ 61. Kxc6 Rxh4 62. Rxh7 Rh3 63. Nf7 Ne7+ 64. Kb6 Rxb3+ 65. Kxa6 Rb4 66. Nd8+ Kd7 67. Ka5 Re4 68. Nb7 Re5+ 69. Kb6 Ke6 70. a5 Re1 71. Nc5+ Kd6 72. Rh6+ Kd5 73. Rh5+ Kd6 74. Nb7+ Kd7 75. a6 Rb1+ 76. Ka7 Nc6+ 77. Ka8 Rb6 78. Rh7+ Kc8 79. Rh8+ Kd7 80. Nc5+ Kd6 81. Ne4+ Ke7 82. a7 Nxa7 83. Kxa7 Rb4 84. Rh7+ Ke6 85. Nc3 Rb3 1/2-1/2

[Event "Rohde op 09th"]
[Site "Sautron"]
[Date "2009.10.26"]
[Round "4"]
[White "Barbot, Pierre"]
[Black "David, Sebastien"]
[Result "1-0"]
[WhiteElo "2069"]
[BlackElo "1791"]
[PlyCount "25"]
[EventDate "2009.10.24"]
[EventType "swiss"]
[EventRounds "9"]
[EventCountry "FRA"]
[SourceTitle "EXT 2010"]
[Source "ChessBase"]
[SourceDate "2010.11.25"]
[SourceVersion "1"]
[SourceVersionDate "2010.11.25"]
[SourceQuality "1"]

1. e4 e6 2. d4 d5 3. Nc3 Nf6 4. Bg5 Be7 5. e5 Nfd7 6. h4 a6 7. Qg4 Bxg5 8. hxg5 c5 9. g6 h6 10. gxf7+ Kxf7 11. Qf4+ Ke7 12. Nf3 Qf8 13. Qh4+ 1-0